The Mainstream Law Reports. Volume XI /

Detaylı Bibliyografya
Diğer Yazarlar: Abu Bakar, Khondaker Muhammad
Materyal Türü: Kitap
Dil:Multiple
Baskı/Yayın Bilgisi: Dhaka : Shahanaj Khondaker, 2006.
Konular:
Classic Catalogue: View this record in Classic Catalogue
LEADER 01133nam a2200277 4500
001 0023800
003 BD-DhAAL
008 111123s2006 bg w 000 0 mul d
040 |a BD-DhAAL  |c BD-DhAAL 
082 0 0 |a 348.5492/046  |2 22 
245 0 4 |a The Mainstream Law Reports.  |n Volume XI /  |c editor, Khondaker Md. Abu Bakar. 
246 1 7 |a MLR 
260 |a Dhaka :  |b Shahanaj Khondaker,  |c 2006. 
300 |a Various pagings ;  |c 24 cm 
362 0 |a Vol. 11 (2006) 
500 |a Regd. DA-NO 50/95, Vol-XI 
500 |a Citation :11 MLR (AD)(HC) 
500 |a a monthly legal journal  
541 |e 00023800 
650 0 |a Law reports, digests, etc.  |z Bangladesh. 
700 |a Abu Bakar, Khondaker Muhammad.  |9 59442 
852 1 |a Ayesha Abed Library 
942 |2 ddc  |c 1HOUR 
999 |c 11496  |d 11496 
952 |0 0  |1 0  |2 ddc  |4 0  |6 348_549200000000000_046_MAI  |7 0  |9 18661  |a BRACUL  |b BRACUL  |c REF  |d 2011-11-23  |g 500.00  |l 2  |o 348.5492046 MAI  |p 3010023800  |r 2017-03-16  |s 2017-03-16  |t 1  |w 2011-11-23  |y RSV 
952 |0 0  |1 0  |2 ddc  |4 0  |6 348_549204600000000_MAI  |7 0  |9 19891  |a BRACUL  |b BRACUL  |c REF  |d 2012-04-04  |l 1  |o 348.5492046 MAI  |p 3010024870  |r 2016-11-28  |s 2016-11-28  |t 2  |w 2012-04-04  |y RSV